Słowa kończące się na -cja - Statystyki

Ogólne statystyki
  • Ten quiz został rozwiązany 101 razy
  • Średni wynik to 11 z 105
Statystyki odpowiedzi
. Odpowiedź % Poprawnych
racja
58%
kolacja
49%
. policja
47%
gracja
42%
nacja
40%
akacja
35%
stacja
35%
Turcja
33%
Grecja
31%
Francja
29%
milicja
28%
akcja
27%
porcja
24%
libacja
22%
lekcja
21%
spacja
21%
fikcja
20%
owacja
20%
Alicja
19%
trakcja
17%
Szwecja
16%
pistacja
15%
pozycja
14%
reakcja
14%
Chorwacja
13%
narracja
13%
operacja
13%
sankcja
12%
amunicja
10%
dotacja
10%
kuracja
10%
lukrecja
10%
promocja
10%
mutacja
9%
sytuacja
9%
tercja
9%
lokalizacja
8%
opcja
8%
opuncja
8%
relacja
8%
Szkocja
8%
emigracja
7%
funkcja
7%
imitacja
7%
kasacja
7%
kaucja
7%
migracja
7%
aparycja
6%
elekcja
6%
elewacja
6%
imigracja
6%
kremacja
6%
prohibicja
6%
tonacja
6%
inwokacja
5%
proporcja
5%
prowokacja
5%
realizacja
5%
recepcja
5%
stancja
5%
arystokracja
3%
licytacja
3%
prowincja
3%
reklamacja
3%
rezerwacja
3%
delegacja
2%
dewiacja
2%
ekspedycja
2%
emancypacja
2%
gwarancja
2%
hospitalizacja
2%
konkurencja
2%
koronacja
2%
legalizacja
2%
nawigacja
2%
prezencja
2%
propozycja
2%
recytacja
2%
rekreacja
2%
agencja
1%
akceptacja
1%
deklaracja
1%
demoralizacja
1%
eliminacja
1%
ewolucja
1%
lokomocja
1%
numeracja
1%
okupacja
1%
reprezentacja
1%
separacja
1%
trepanacja
1%
urbanizacja
1%
wegetacja
1%
echolokacja
0%
federacja
0%
hibernacja
0%
krystalizacja
0%
linencja
0%
literacja
0%
moralizacja
0%
rekomendacja
0%
tolerancja
0%
Nie znaleziono quizów pasujących do podanych kryteriów
Rozkład punktacji
Procent ludzi z każdym wynikiem
Percentyl według liczby udzielonych odpowiedzi
Twoja historia wyników
Nie rozwiązałeś tego quizu